Catálogo

HOW TO GROW AND USE : (Registro nro. 15626)

Detalles MARC
000 -LEADER
fixed length control field 00436nam a2200169 a 4500
001 - CONTROL NUMBER
control field 15626
005 - DATE AND TIME OF LATEST TRANSACTION
control field 20180713204339.0
008 - FIXED-LENGTH DATA ELEMENTS--GENERAL INFORMATION
fixed length control field 140415s1962 000 0 eng d
041 ## - LANGUAGE CODE
Language code of text/sound track or separate title eng
082 ## - DEWEY DECIMAL CLASSIFICATION NUMBER
Classification number 635.9312
Item number HOW
245 00 - TITLE STATEMENT
Title HOW TO GROW AND USE :
Remainder of title ANNUALS: A SUNSET BOOK
250 ## - EDITION STATEMENT
Edition statement 1a ed.
260 ## - PUBLICATION, DISTRIBUTION, ETC.
Place of publication, distribution, etc. [s.l.] :
Name of publisher, distributor, etc. LANE BOOK,
Date of publication, distribution, etc. 1962
300 ## - PHYSICAL DESCRIPTION
Extent 80
490 ## - SERIES STATEMENT
Series statement LANE
Volume/sequential designation 306
650 14 - SUBJECT ADDED ENTRY--TOPICAL TERM
Topical term or geographic name entry element JARDINERIA ARTISTICA
Existencias
Withdrawn status Lost status Source of classification or shelving scheme Damaged status Not for loan Collection code Home library Current library Shelving location Date acquired Source of acquisition Inventory number Total Checkouts Full call number Barcode Date last seen Price effective from Koha item type
    Dewey Decimal Classification     General Biblioteca Karol Wojtyla Biblioteca Karol Wojtyla Área de silencio 03/12/2013 Compra 151000000000000000011668   635.9312 HOW 33273 05/01/2026 03/12/2013 Libro